000 00776nam a2200193 i 4500
001 70744
003 ES-MaACL
005 20251015185123.0
007 t|
008 040802s1970 sp ||||1| spa d
100 1 _aGarmendia de Otaola, Antonio.
_955586
245 1 0 _aD. Jerónimo Mariano de Usera y Alarcón, misionero y fundador de las religiosas del Amor de Dios /
_cAntonio Garmendia de Otaola ; prólogo, Eduardo Martínez, Obispo de Zamora.
260 _aZamora :
_b[s.n.,
_c1970] (
_eBurgos :
_fH. de S. Rodríguez)
300 _a479 p., 10 lám. ;
_c23 cm.
600 1 7 _aUsera y Alarcón, Jerónimo M.,
_d1810-1891
_2
_9164822
700 0 _aMartínez, Eduardo,
_cObispo de Zamora
_977732
852 _aES-MaACL
_jC-44077
_bR.73572
999 _c70744
_d70744